000
00448nam a2200133Ia 4500
008
100328s9999 xx 000 0 und d
082
_b
63829
100
_a
खांडेकर वि.स.
245
_a
रिकामा देव्हारा.
260
_b
देशमुख आणि कंपनी.
630
_a
रिकामा देव्हारा.
730
_a
रिकामा देव्हारा.
942
_c
BOOK
999
_c
549670
_d
549667